<?xml version="1.0" encoding="UTF-8"?>
<record
    xmlns:xsi="http://www.w3.org/2001/XMLSchema-instance"
    xsi:schemaLocation="http://www.loc.gov/MARC21/slim http://www.loc.gov/standards/marcxml/schema/MARC21slim.xsd"
    xmlns="http://www.loc.gov/MARC21/slim">

  <leader>00788nab a2200241 uc4500</leader>
  <controlfield tag="001">603023</controlfield>
  <controlfield tag="005">20241203090709.0</controlfield>
  <controlfield tag="008">000621e20000301                    spa  </controlfield>
  <datafield tag="035" ind1=" " ind2=" ">
    <subfield code="a">603023</subfield>
  </datafield>
  <datafield tag="035" ind1=" " ind2=" ">
    <subfield code="a">(OCoLC)819835794</subfield>
  </datafield>
  <datafield tag="040" ind1=" " ind2=" ">
    <subfield code="c">comduadb</subfield>
  </datafield>
  <datafield tag="041" ind1=" " ind2=" ">
    <subfield code="a">spa</subfield>
  </datafield>
  <datafield tag="100" ind1="1" ind2="0">
    <subfield code="a">Martinez, M. V.</subfield>
    <subfield code="4">aut</subfield>
    <subfield code="e">aut</subfield>
    <subfield code="9">307910</subfield>
  </datafield>
  <datafield tag="245" ind1="1" ind2="0">
    <subfield code="a">Factores que afectan a los niveles de resveratol en el vino</subfield>
  </datafield>
  <datafield tag="650" ind1=" " ind2="7">
    <subfield code="a">Enolog&#xED;a</subfield>
    <subfield code="2">embne</subfield>
    <subfield code="9">64822</subfield>
  </datafield>
  <datafield tag="650" ind1=" " ind2="7">
    <subfield code="a">Vinos</subfield>
    <subfield code="2">embne</subfield>
    <subfield code="9">172219</subfield>
  </datafield>
  <datafield tag="650" ind1=" " ind2="7">
    <subfield code="a">Antioxidantes</subfield>
    <subfield code="2">lemb</subfield>
    <subfield code="9">23923</subfield>
  </datafield>
  <datafield tag="650" ind1=" " ind2=" ">
    <subfield code="a">Resveratrol</subfield>
    <subfield code="9">22400</subfield>
  </datafield>
  <datafield tag="650" ind1=" " ind2=" ">
    <subfield code="a">An&#xE1;lisis del vino</subfield>
    <subfield code="9">15064</subfield>
  </datafield>
  <datafield tag="700" ind1="1" ind2="0">
    <subfield code="a">Troncoso Gonzalez, A. M.</subfield>
    <subfield code="4">aut</subfield>
    <subfield code="e">aut</subfield>
    <subfield code="9">321427</subfield>
  </datafield>
  <datafield tag="773" ind1="0" ind2=" ">
    <subfield code="t">Alimentaci&#xF3;n, Equipos y Tecnolog&#xED;a (Madrid)</subfield>
    <subfield code="g">Vol. 19, No. 02, Mar. 2000, p. 113-118</subfield>
    <subfield code="w">6916</subfield>
    <subfield code="x">0212-1689</subfield>
    <subfield code="0">3171</subfield>
  </datafield>
  <datafield tag="942" ind1=" " ind2=" ">
    <subfield code="c">ARIMP</subfield>
  </datafield>
  <datafield tag="999" ind1=" " ind2=" ">
    <subfield code="c">156307</subfield>
    <subfield code="d">156307</subfield>
  </datafield>
</record>
